000 00585nam a2200229Ia 4500
001 15111
003 GE_BSU
008 181216s||||||||xx |||||||||||||| ||und||
040 _cGE_BSU
080 _a517.52(075.8)
100 _aВоробьев,Н.Н
245 _aТеория рядов
245 _bУчеб.пособ. для студ.вузов
245 _cРед:М,М,Горячая
250 _aизд. 3-е
260 _aМосква
260 _bНаука
260 _c1975
300 _a367 стр,20см,
653 _aТеория рядов
942 _cBK
999 _c48227
_d48227